000 00774nam a2200289Ia 4500
005 20260324130804.0
008 008 260324s9999 xx 000 0 eng d
020 _a9781315240701
037 _aEBOOK
040 _aCRL
040 _beng
040 _cCRL
041 _2eng
041 _aeng
084 _qCRL
100 _aD.S. Richards
_91180469
245 4 _aThe Chronicle of Ibn al-Athir for the Crusading Period from al-Kamil fi'l-Ta'rikh. Part 2
245 4 _bThe Years 541–589/1146–1193: The Age of Nur al-Din and Saladin
260 _bTaylor and Francis
260 _c2007
365 _a
365 _b220
856 _uhttp://www.taylorfrancis.com/books/9781315240701
942 _cEBOOK
999 _c1779598
_d1779598